Journals and journeymen ; a contribution to the history of early American newspapers.

Bibliographic Details
Main Author: Brigham, Clarence S. (Clarence Saunders), 1877-1963
Corporate Author: A.S.W. Rosenbach Fellowship in Bibliography Fund
Format: Book
Language:English
Published: Phildadelphia : University of Pennsylvania Press, 1950.
Subjects:

MARC

Tag First Indicator Second Indicator Subfields
LEADER 00000cam a2200000 4500
001 in00000053612
005 20151008050321.0
008 750724s1950 pau 00000 eng u
010 |a  50010321  
035 |a (OCoLC)01472638 
035 |9 AAG0414AM 
040 |c RCM  |d TXA  |d UtOrBLW 
049 |a TXAM  |c [186764] 
050 0 |a PN4858  |b .B7 
092 |a 071  |b B855j 
100 1 |a Brigham, Clarence S.  |q (Clarence Saunders),  |d 1877-1963. 
245 1 0 |a Journals and journeymen ;  |b a contribution to the history of early American newspapers. 
264 1 |a Phildadelphia :  |b University of Pennsylvania Press,  |c 1950. 
300 |a xiv, 114 pages :  |b illustrations ;  |c 23 cm. 
336 |a text  |b txt  |2 rdacontent 
337 |a unmediated  |b n  |2 rdamedia 
338 |a volume  |b nc  |2 rdacarrier 
500 |a On half-title page: The A.S.W. Rosenbach fellowship in Bibliography. 
500 |a "The present lectures are an outgrowth of ... [the author's] Bibliography of American newspapers." 
650 0 |a American newspapers  |x History. 
710 2 |a A.S.W. Rosenbach Fellowship in Bibliography Fund. 
999 |a MARS 
999 f f |s 9a122a97-b7b7-3a8e-8a0a-987bd6022e3a  |i 64da3b78-c900-3d69-8e7b-539752a77107  |t 0 
952 f f |p ric  |a Texas A&M University  |b Rellis Campus  |c Joint Library Facility  |d Remote Storage  |t 0  |e PN4858 .B7  |h Library of Congress classification  |i unmediated -- volume  |m A14800501964 
998 f f |a PN4858 .B7  |t 0  |l Remote Storage